Pays sans Littoral - Statistiques

Statistiques générales
  • Ce quiz a été pris 124 fois
    91 depuis la dernière actualisation
  • Le résultat moyen est 42 sur 45
Réponses sur la Carte
Les réponses sont colorées sur une échelle allant du rouge au vert en fonction du pourcentage des utilisateurs qui les ont devinées à leur premier essai. Vous pouvez retrouver ces pourcentages ci-dessous.
 
Statistiques - réponses
Réponse % Correct
Autriche (Europe)
100%
République Tchèque (Europe)
100%
Biélorussie (Europe)
99%
Hongrie (Europe)
99%
Liechtenstein (Europe)
99%
Luxembourg (Europe)
99%
Slovaquie (Europe)
99%
Andorre (Europe)
98%
Mongolie (Asie)
96%
Népal (Asie)
96%
Paraguay (Amérique)
96%
République centrafricaine (Afrique)
96%
Serbie (Europe)
96%
Suisse (Europe)
96%
Afghanistan (Asie)
95%
Bolivie (Amérique)
95%
Macédoine du Nord (Europe)
95%
Mali (Afrique)
95%
Moldavie (Europe)
95%
Niger (Afrique)
95%
Kosovo (Europe)
94%
Lesotho (Afrique)
94%
Tchad (Afrique)
94%
Arménie (Asie)
93%
Bhoutan (Asie)
93%
Soudan du Sud (Afrique)
93%
Eswatini (Afrique)
91%
Rwanda (Afrique)
91%
Vatican (Europe)
91%
Zimbabwe (Afrique)
91%
Botswana (Afrique)
90%
Burkina Faso (Afrique)
90%
Laos (Asie)
90%
Tadjikistan (Asie)
90%
Saint-Marin (Europe)
89%
Zambie (Afrique)
89%
Éthiopie (Afrique)
88%
Kirghizistan (Asie)
88%
Ouzbékistan (Asie)
88%
Burundi (Afrique)
86%
Malawi (Afrique)
86%
Ouganda (Afrique)
86%
Turkménistan (Asie)
86%
Kazakhstan (Asie)
85%
Azerbaïdjan (Asie)
81%
Aucun quiz correspondant
Distribution des résultats
% des personnes avec chaque résultat
Percentile par nombre de réponses
Votre historique - résultats
Vous n’avez pas pris ce quiz depuis la dernière actualisation